Makbule Atadan anlatıyor: (Record no. 13434)
[ view plain ]
| 000 -BAŞLIK | |
|---|---|
| Sabit Uzunlukta Kontrol Alanı | 00746nam a2200229 4500 |
| 999 ## - SİSTEM KONTROL NUMARALARI (KOHA) | |
| Koha Biblionumber | 13434 |
| Koha Biblioitemnumber | 13434 |
| 003 - KONTROL NUMARASI IDENTIFIER | |
| Denetim Alanı | MIRAKIL |
| 005 - SON İŞLEM TARİHİ VE ZAMANI | |
| Denetim Alanı | 20190725153810.0 |
| 008 - SABİT-BOY VERİ ELEMANLARI - GENEL BİLGİLER | |
| Sabit Uzunlukta Kontrol Alanı | 190725b tu ||||| |||| 00| 0 tur d |
| 020 ## - ULUSLARARASI STANDART KİTAP NUMARASI | |
| Uluslararası Standart Kitap Numarası | 9758724541 |
| 040 ## - KATALOGLAMA KAYNAK | |
| Orijinal Kataloglama Ajansı | TR-AnCHP |
| Metne Dönüştürmek Ajansı | TR-AnCHP |
| 041 ## - DİL KODU | |
| Metin / Ses Parça Veya Ayrı Başlığın Dil Kodu | tur |
| 082 ## - DEWEY ONLU SINIFLANDIRMA NUMARASI | |
| Sınıflandırma Numarası | ATA 956.1024092 |
| Ürün Numarası | A72m 2005 |
| 100 ## - ANA GİRİŞ - KİŞİSEL İSİM | |
| Kişisel Ad | Atadan, Makbule |
| 245 10 - BAŞLIK TABLOSU | |
| Başlık | Makbule Atadan anlatıyor: |
| Başlığın Kalan | ağabeyim Mustafa Kemal / |
| Sorumluluk Tablosu, Vb | Makbule Atadan; Şemsi Belli. |
| 260 ## - YAYIN, DAĞITIM, VB | |
| Yayın, Dağıtım, Vb Yeri | İstanbul: |
| Yayıncı, Dağıtıcı, Vs Adı | Selis Kitapları; |
| Yayın, Dağıtım, Vb Tarihi | 2005. |
| 300 ## - FİZİKSEL TANIM | |
| Kapsam | 88 s.: |
| Diğer Fiziksel Ayrıntıları | fotg.; |
| Boyutlar | 19 sm. |
| 490 0# - SERİSİ TABLOSU | |
| Seri Beyanı | Selis Kitapları; |
| -- | Tarih-Anı; |
| Hacim / Ardışık Tanımı | 52. |
| -- | 6. |
| 600 14 - KONU KATMA GİRİŞ - KURUMSAL ADI | |
| 9 (RLIN) | 1465 |
| Kişisel Ad | Atatürk, Gazi Mustafa Kemal |
| Bir Adıyla İlişkilendirilen Tarihler | 1881-1938 |
| 600 #0 - KONU KATMA GİRİŞ - KURUMSAL ADI | |
| 9 (RLIN) | 5908 |
| Kişisel Ad | Atadan, Makbule |
| Bir Adıyla İlişkilendirilen Tarihler | 1885-1956 |
| Genel Alt Bölümü | Anılar |
| 700 ## - KATMA GİRİŞ - KİŞİSEL İSİM | |
| 9 (RLIN) | 5909 |
| Kişisel Ad | Belli, Şemsi |
| 942 ## - EKLENDİ GİRİŞ ELEMANLARI (KOHA) | |
| Sınıflandırma Veya Raf Düzeni Kaynak | Dewey Decimal Classification |
| Koha Öğesi Türü | Books |
| Kalıcı Konum | Mevcut Konum | Edinme Tarihi | Toplam Check-Out'Lar | Tam Çağrı Numarası | Barkod | Tarih Son Görülme | İtibaren Geçerli Fiyatlar | Koha Öğesi Türü |
|---|---|---|---|---|---|---|---|---|
| CHP Kütüphanesi | CHP Kütüphanesi | 07/25/2019 | ATA 956.1024092 A72m 2005 | 011987 | 07/25/2019 | 07/25/2019 | Books |
